The Second enlargement of the european community adjustment reguirments and challenges for policy reform

Salvato in:
Dettagli Bibliografici
Natura: Libro
Lingua:inglese
Pubblicazione: Tübingen Mohr 1982
Serie:Kieler Studien 171
Tags: Aggiungi Tag
Nessun Tag, puoi essere il primo ad aggiungerne!!

MARC

LEADER 00000nam a2200000 4500
001 c138823
005 20181203150511.6
041 0 |a eng 
044 |a DE 
245 1 0 |a The Second enlargement of the european community  |b adjustment reguirments and challenges for policy reform 
264 1 |a Tübingen  |b Mohr  |c 1982 
300 |a 247 s. 
490 1 |a Kieler Studien  |v 171 
830 0 |a Kieler Studien  |v 171